Torralba et Ambrona : notes sur deux stations acheuléennes de chasseurs d'éléphants de la Vieille Castille / par Pierre Biberson notes sur deux stations acheuléennes de chasseurs d'éléphants de la Vieille Castille / par Pierre Biberson
Descripción Física:
p. 201-248 : il., amb làm. ; 27 cm
Colección:
Monografías ; 6
Materias:
Prehistòria -- Sòria
MARC
| LEADER | 00000nam a2200000Ia 4500 | ||
|---|---|---|---|
| 001 | 7797 | ||
| 008 | 160829s1964 xx 000 0 cat d | ||
| 080 | |a FU-21-24 | ||
| 100 | |a Biberson, Pierre |9 23699 | ||
| 245 | |a Torralba et Ambrona : |b notes sur deux stations acheuléennes de chasseurs d'éléphants de la Vieille Castille / par Pierre Biberson | ||
| 260 | |a Barcelona : |b Diputación. Instituto de Prehistoria y Arqueología, |c 1964 | ||
| 300 | |a p. 201-248 : |b il., amb làm. ; |c 27 cm | ||
| 490 | |a Monografías ; 6 | ||
| 590 | |a Separata de: Miscelánea en Homenaje al Abate Henri Breuil | ||
| 650 | |a Prehistòria |x Sòria |9 23700 | ||
| 710 | 2 | |a Instituto de Prehistoria y Arqueología (Barcelona, Catalunya) |9 54255 | |
| 901 | |a Arxiu | ||
| 942 | |n 1 |2 udc | ||
| 952 | |0 0 |1 0 |4 0 |6 FU2124 |7 1 |9 42813 |a Arxiu |b Arxiu |d 2016-12-01 |l 0 |o FU-21-24 |p 7797 |r 2016-12-01 00:00:00 |w 2016-12-01 |y ARXIU | ||
| 999 | |c 45319 |d 45319 | ||